| 000 | 00651cam a2200241 4500 | ||
|---|---|---|---|
| 001 | D1953 | ||
| 008 | 090401t1983 xxu||||| |||| 00| 0 eng d | ||
| 035 | _a(Sirsi) u66665 | ||
| 041 | _aeng | ||
| 050 | _a690.25 | ||
| 110 | _aBuilding Research Establishment | ||
| 245 | _aPlastics sanitary pipework: jointing and support - installation. | ||
| 260 |
_aGarston, Watford _bBRE _c1983 |
||
| 300 | _a1 sheet : ill. ; 30cm. | ||
| 350 | _a0 | ||
| 490 |
_aDefect Action Sheet _v42 (Site) |
||
| 490 |
_aDAS _v42 |
||
| 650 | _aPIPES | ||
| 650 | _aPLASTIC PIPES | ||
| 690 | _aBUILT ENVIRONMENT-BUILDING PATHOLOGY | ||
| 942 | _n0 | ||
| 948 | _c04/03/1997 | ||
| 999 |
_c94922 _d94922 |
||